000 00492nam a2200181Ii 4500
003 JO-AjNU
005 20240109124434.0
008 230605s9999||||xx |||||||||||||| ||und||
017 _a2018/11/5695
040 _aJO-AjNU
_bara
_erda
_cJO-AjNU
041 _aara
050 1 4 _aDS154.53.W37 2018
245 0 0 _aمخرج بموجب مستند اخراج رقم 60
336 _atext
_btxt
_2rdacontent
337 _aunmediated
_bn
_2rdamedia
338 _avolume
_bnc
_2rdacarrier
942 _2lcc
_cBK
999 _c30018
_d30018